Enseąr derecho en la Repb︢lica La Facultad de Madrid (1931-1939) /

Bibliographic Details
Main Author: Puyol Montero, Jos ̌Mara̕
Format: eBook
Language:Spanish
Published: Madrid: Dykinson, 2019
Subjects:
Online Access:Acceso restringido

MARC

LEADER 00000nam a22000007a 4500
005 20190821014010.0
007 cr|||| |||
008 190821s2019 es |||||s|||| 00||0 spa d
020 |a 978-84-1324-230-9 
035 |a 24206 
040 |a vLex 
090 |c 9261  |d 9261 
100 1 |a Puyol Montero, Jos ̌Mara̕ 
245 1 0 |a Enseąr derecho en la Repb︢lica  |h [Recurso electrn̤ico] :  |b La Facultad de Madrid (1931-1939) /  |c Jos ̌Mara̕ Puyol Montero 
256 |a Servicio en ln̕ea 
260 |a Madrid:  |b Dykinson,  |c 2019 
300 |a 1 recurso electrn̤ico 
500 |a A partir del hallazgo de las actas de la junta de facultad de Derecho de la Universidad Central durante la II Repb︢lica, en el Archivo de la Secretara̕ de aquella Facultad, el autor hace un estudio sobre la enseąnza del Derecho en la Universidad Central en aquel periodo republicano. Comienza con un capt̕ulo introductorio en el que describe cm̤o aquella Facultad de Derecho -entonces la ms̀ importante de Espaą- vivi ̤intensamente desde sus comienzos el conflicto polt̕ico que se dio durante la Repb︢lica. Seguidamente entra a analizar cm̤o era la enseąnza del derecho en aquella Facultad, mediante el estudio de los planes de estudio que estuvieron entonces vigentes, cada una de sus ct̀edras de la licenciatura y del doctorado, su profesorado y sus alumnos, valorando las principales aportaciones que trajo la Repb︢lica a la enseąnza del derecho en aquel periodo. Complementa el estudio con sendos capt̕ulos sobre la sede fs̕ica de la Facultad en la calle San Bernardo y el nuevo proyecto de la Ciudad Universitaria, as ̕como sobre el gobierno de aquella Facultad de Derecho. Y en un capt̕ulo final describe los avatares de la Facultad y de sus profesores durante la Guerra Civil y el trg̀ico exilio de una parte muy importante de su profesorado. Este estudio histr̤ico-jurd̕ico incluye en apňdice y como primicia la valiosa transcripcin̤ completa de las actas de la junta de facultad de Derecho durante la II Repb︢lica, y tambiň un perfil biogrf̀ico de los catedrt̀icos de la Facultad de Madrid durante aquel interesante periodo de la Historia de Espaą y de la universidad espaǫla. 
506 1 |a Disponible solo en los productos indicados  |d vLex Global  |d vLex Global (Academic Edition, excluding Law Schools)  |d vLex Global (U.S. Academic Edition, Law Schools)  |d vLex Global (U.S. Academic Edition, excluding Law Schools)  |d vLex Global (Academic Edition, Law Schools) 
650 0 4 |a Derecho Militar  |z Espaą 
740 0 |a vLex Libros (Servicio en ln̕ea) 
856 4 0 |u http://vlex.com/source/ense-ar-derecho-en-la-republica-la-facultad-de-madrid-1931-1939--24206  |z Acceso restringido 
942 |c BOOK 
999 0 |a Military Law